| 000 | 01567cam a2200397 a 4500 | ||
|---|---|---|---|
| 001 | 16817611 | ||
| 003 | OSt | ||
| 005 | 20140310182849.0 | ||
| 008 | 110608s2011 ph b f000 0 eng | ||
| 010 | _a 2011308180 | ||
| 020 | _a9789718141793 | ||
| 040 |
_aDLC _cDLC |
||
| 042 |
_alcode _apcc |
||
| 043 | _aa-ph--- | ||
| 050 | 0 | 0 |
_aPS 508 _b.Y94 2011 |
| 082 |
_aFIL 809.933552 _bY9 2011 |
||
| 100 | 1 |
_aSabanpan-Yu, Hope, _d1964- |
|
| 245 | 1 | 0 |
_aBridging cultures : _bthe migrant Philippine woman in the works of Jessica Hagedorn, Fatima Lim-Wilson and Sophia Romero / _cYu, Hope Sabanpan |
| 260 |
_aManila : _bNational Commission for Culture and the Arts, _cc2011. |
||
| 300 |
_aviii, 111 p. ; _c22 cm. |
||
| 504 | _aIncludes bibliographical references (p. 105-111). | ||
| 521 | _aHigh School to College Student | ||
| 526 | _c0L to 1700L | ||
| 541 | _j1 | ||
| 562 | _efor circulation. 1 copy available in the collection | ||
| 600 | 1 | 0 |
_aLim-Wilson, Fatima, _d1961- _xCriticism and interpretation. |
| 600 | 1 | 0 |
_aRomero, Sophia G. _xCriticism and interpretation. |
| 600 | 1 | 0 |
_aHagedorn, Jessica Tarahata, _d1949- _xCriticism and interpretation. |
| 650 | 0 |
_aAmerican literature _xFilipino American authors _xHistory and crticism. |
|
| 650 | 0 |
_aAmerican literature _xWomen authors _xHistory and criticism. |
|
| 650 | 0 |
_aAmerican literature _y20th century _xHistory and criticism. |
|
| 650 | 0 | _aWomen immigrants in literature. | |
| 906 |
_a7 _bcbc _corigode _d3 _encip _f20 _gy-gencatlg |
||
| 942 |
_2lcc _cBK _kFIL |
||
| 999 |
_c16975 _d16975 |
||